000 00317nam a2200133Ia 4500
003 GCL
008 140319s9999 xx 000 0 eng d
040 _aGCL /
_cGCL
082 0 4 _a302
_bH S
100 1 _aHARRE, ROM
245 1 0 _aSOCIAL BEING /
_cHARRE, ROM
260 _a[S.N] :
_bBLACK WELL ،
_c1993
300 _a288 P
999 _c19595
_d19595